LEADER 00982nam a2200301 i 4500 001 991000938939707536 005 20020507104127.0 008 951218s1970 uk ||| | eng 035 $ab10150924-39ule_inst 035 $aLE00639445$9ExL 040 $aDip.to Fisica$bita 084 $a53.7 084 $a53.8 084 $a548 084 $aQD931 100 1 $aBreton, André$0384498 245 10$aExperimental crystal physics /$cA. Breton, W. Wooster 250 $a2nd ed. 260 $aLondon ; Oxford :$bOxford University Press,$c1970 300 $aix, 150 p., 12 plates :$bill. ;$c23 cm. 650 4$aCrystallography 700 1 $aWooster, W. 907 $a.b10150924$b02-04-14$c27-06-02 912 $a991000938939707536 945 $aLE006 53.7+53.8 WOO$g1$i2006000059336$lle006$o-$pE0.00$q-$rl$s- $t0$u0$v0$w0$x0$y.i10180849$z27-06-02 996 $aExperimental crystal physics$9187773 997 $aUNISALENTO 998 $ale006$b01-01-95$cm$da $e-$feng$guk $h0$i1 LEADER 01629oam 2200433zu 450 001 9910872778103321 005 20241212214824.0 035 $a(CKB)111026746711586 035 $a(SSID)ssj0000455383 035 $a(PQKBManifestationID)12192185 035 $a(PQKBTitleCode)TC0000455383 035 $a(PQKBWorkID)10399707 035 $a(PQKB)10509725 035 $a(EXLCZ)99111026746711586 100 $a20160829d1997 uy 101 0 $aeng 181 $ctxt 182 $cc 183 $acr 200 10$a1995 IEEE Engineering in Medicine and Biology : 17th annual conference and 21st Canadian Medical and Biological Engineering Conference : Montréal, Canada, September 20-23, 1995 210 31$a[Place of publication not identified]$cIEEE$d1997 300 $aBibliographic Level Mode of Issuance: Monograph 311 08$a9780780324756 311 08$a0780324757 606 $aBiomedical engineering$vCongresses 606 $aHealth & Biological Sciences$2HILCC 606 $aBiomedical Engineering$2HILCC 615 0$aBiomedical engineering 615 7$aHealth & Biological Sciences 615 7$aBiomedical Engineering 676 $a610/.28 702 $aKearney$b R. E. 702 $aRoberge$b Fernand A. 712 12$aCanadian Medical and Biological Engineering Conference$d(21st :$f1995 :$eMontre?al, Canada) 801 0$bPQKB 906 $aBOOK 912 $a9910872778103321 996 $a1995 IEEE Engineering in Medicine and Biology : 17th annual conference and 21st Canadian Medical and Biological Engineering Conference : Montréal, Canada, September 20-23, 1995$92508018 997 $aUNINA